<?xml version="1.0" encoding="UTF-8"?>
<record
    xmlns:xsi="http://www.w3.org/2001/XMLSchema-instance"
    xsi:schemaLocation="http://www.loc.gov/MARC21/slim http://www.loc.gov/standards/marcxml/schema/MARC21slim.xsd"
    xmlns="http://www.loc.gov/MARC21/slim">

  <leader>01050nam a22002417a 4500</leader>
  <controlfield tag="005">20170123162307.0</controlfield>
  <datafield tag="010" ind1=" " ind2=" ">
    <subfield code="a">B-080816</subfield>
  </datafield>
  <datafield tag="020" ind1=" " ind2=" ">
    <subfield code="c">100.00</subfield>
    <subfield code="a">8186714715</subfield>
  </datafield>
  <datafield tag="035" ind1=" " ind2=" ">
    <subfield code="a">B-080816</subfield>
  </datafield>
  <datafield tag="037" ind1=" " ind2=" ">
    <subfield code="b">Cen Lib/Ret</subfield>
  </datafield>
  <datafield tag="040" ind1=" " ind2=" ">
    <subfield code="a">DPL</subfield>
    <subfield code="b">UR</subfield>
  </datafield>
  <datafield tag="082" ind1=" " ind2=" ">
    <subfield code="a">270.35</subfield>
    <subfield code="b">&#x646; &#x648; &#x631; </subfield>
  </datafield>
  <datafield tag="100" ind1=" " ind2=" ">
    <subfield code="a">&#x646;&#x648;&#x631;&#x627;&#x644;&#x631;&#x6CC;&#x646; &#x62C;&#x639;&#x641;&#x631;&#x628;&#x62F;&#x62E;&#x634;&#x6CC;</subfield>
    <subfield code="9">111308</subfield>
  </datafield>
  <datafield tag="245" ind1=" " ind2=" ">
    <subfield code="a">&#x62E;&#x644;&#x627;&#x635;&#x62A;&#x64F; &#x627;&#x644;&#x645;&#x646;&#x627;&#x642;&#x628; :</subfield>
    <subfield code="c">&#x646;&#x648;&#x631;&#x627;&#x644;&#x631;&#x6CC;&#x646; &#x62C;&#x639;&#x641;&#x631;&#x628;&#x62F;&#x62E;&#x634;&#x6CC; &#x61B; &#x645;&#x62A;&#x631;&#x62C;&#x645; &#x634;&#x645;&#x633;&#x62F;&#x62F;&#x6CC;&#x6BA; &#x627;&#x62D;&#x645;&#x62F; </subfield>
    <subfield code="b">&#x627;&#x631;&#x62F;&#x648; &#x62A;&#x631;&#x62C;&#x645;&#x6C1; &#x645;&#x6CC;&#x6BA; &#x62D;&#x648;&#x627;&#x634;&#x6CC; &#x62A;&#x648;&#x636;&#x6CC;&#x62D;&#x627;&#x62A; &#x648; &#x62A;&#x639;&#x644;&#x6CC;&#x642;&#x627;&#x62A; /</subfield>
  </datafield>
  <datafield tag="246" ind1=" " ind2=" ">
    <subfield code="a">Khalastu almanakib : urdu tarjuma men havashi tozeehaat v taaliqaat /</subfield>
    <subfield code="b">by Noruddin Jaafar Badshashi ; edited by Shamsuddin Ahmad </subfield>
  </datafield>
  <datafield tag="260" ind1=" " ind2=" ">
    <subfield code="a">&#x6A9;&#x634;&#x645;&#x6CC;&#x631; </subfield>
    <subfield code="b">&#x6AF;&#x644;&#x634;&#x646; &#x67E;&#x628;&#x644;&#x6A9;&#x634;&#x627;&#x646;&#x633; &#x627;&#x646;&#x688;&#x6CC;&#x627; &#x6D2;&#x634;&#x67E;&#x648;&#x62A;&#x6D2;&#x691;&#x62B; </subfield>
    <subfield code="c">2003</subfield>
  </datafield>
  <datafield tag="270" ind1=" " ind2=" ">
    <subfield code="b">&#x6A9;&#x634;&#x645;&#x6CC;&#x631;  </subfield>
    <subfield code="a"> &#x641;&#x631;&#x6CC;&#x62F;&#x627;&#x644; &#x645;&#x627;&#x631;&#x6A9;&#x6CC;&#x679; &#x631;&#x6CC;&#x6A9;&#x62F;&#x646;&#x6A9;&#x626;&#x6CC; &#x631;&#x648;&#x688; &#x633;&#x631;&#x6CC; &#x646;&#x6AF;&#x631; </subfield>
  </datafield>
  <datafield tag="300" ind1=" " ind2=" ">
    <subfield code="a">498p.</subfield>
    <subfield code="c">21cm(Hb)</subfield>
  </datafield>
  <datafield tag="650" ind1=" " ind2=" ">
    <subfield code="a">&#x627;&#x633;&#x644;&#x627;&#x645; </subfield>
    <subfield code="9">111309</subfield>
  </datafield>
  <datafield tag="650" ind1=" " ind2=" ">
    <subfield code="a">Islam</subfield>
    <subfield code="9">5289</subfield>
  </datafield>
  <datafield tag="700" ind1=" " ind2=" ">
    <subfield code="a"> &#x634;&#x645;&#x633;&#x62F;&#x62F;&#x6CC;&#x6BA; &#x627;&#x62D;&#x645;&#x62F;</subfield>
    <subfield code="9">399</subfield>
  </datafield>
  <datafield tag="942" ind1=" " ind2=" ">
    <subfield code="2">ddc</subfield>
    <subfield code="c">UR</subfield>
    <subfield code="h">270.35</subfield>
    <subfield code="m">&#x646; &#x648; &#x631;</subfield>
  </datafield>
  <datafield tag="999" ind1=" " ind2=" ">
    <subfield code="c">106400</subfield>
    <subfield code="d">106400</subfield>
  </datafield>
  <datafield tag="952" ind1=" " ind2=" ">
    <subfield code="0">0</subfield>
    <subfield code="1">0</subfield>
    <subfield code="4">0</subfield>
    <subfield code="7">0</subfield>
    <subfield code="a">L</subfield>
    <subfield code="b">L</subfield>
    <subfield code="d">2015-12-19</subfield>
    <subfield code="e">Cen Lib/Ret</subfield>
    <subfield code="g">100.00</subfield>
    <subfield code="l">0</subfield>
    <subfield code="o">270.35 &#x646; &#x648; &#x631;</subfield>
    <subfield code="p">B-080816</subfield>
    <subfield code="r">2015-12-19 00:00:00</subfield>
    <subfield code="t">1</subfield>
    <subfield code="v">100.00</subfield>
    <subfield code="w">2015-12-19</subfield>
    <subfield code="y">UR</subfield>
  </datafield>
</record>
